=LDR 00000nam 2200000 4500 =001 INLIS000000000047169 =005 20150831141802.0 =006 =007 =008 =020 ##$$a 978-602-01-0301-3 =035 ##$$0010-081500000000083 =082 ##$$a 540.1 =090 ##$$a 540.1 $b Nan =100 ##$$a Nana, Sutrisna =245 ##$$a Kimia 3 untuk Kelas XII =250 ##$$a ed.1 =260 ##$$a Bandung $b Grafindo $c 2013 =300 ##$$a x, 318 hlm $c 25 =990 ##$$a 0001/BPAP-NTB/2015